[Event "27th Heraklion Open 2019"]
[Site "Heraklion"]
[Date "2019.09.08"]
[Round "7.14"]
[White "Tsapaki, Asimenia"]
[Black "Lithoxoos, Theodoros"]
[Result "0-1"]
[WhiteElo "1460"]
[BlackElo "1685"]
[Annotator "NA"]
[PlyCount "96"]
[EventDate "2019.09.03"]
[EventType "swiss"]
[EventCountry "GRE"]
[SourceTitle "playchess.com"]
[Source "ChessBase"]
[SourceQuality "1"]
[TimeControl "40/5400+30:1800+30"]

1. b3 Nf6 2. Bb2 g6 3. e3 Bg7 4. f4 O-O 5. Nf3 d5 6. Be2 c5 7. d3 Nc6 8. O-O d4 9. exd4 Nd5 10. Qd2 cxd4 11. c3 Qb6 12. cxd4 Nxd4 13. Kh1 Nf5 14. Bxg7 Kxg7 15. Nc3 Nde3 16. Rfe1 Ng4 17. d4 Rd8 18. Na4 Qd6 19. Bc4 Bd7 20. h3 Ng3+ 21. Kg1 Nf6 22. Ne5 Be8 23. Rad1 Rac8 24. Qd3 Nf5 25. Nc5 Rxc5 26. Re2 Qxd4+ 27. Qxd4 Rxd4 28. Rxd4 Nxd4 29. Rd2 Nc6 30. Nd3 Ra5 31. a4 Ne4 32. Ra2 Nd6 33. g4 Nxc4 34. bxc4 Nd4 35. Rb2 Bc6 36. Kf2 Rxa4 37. Nc5 Rxc4 38. Nxb7 Rc2+ 39. Rxc2 Nxc2 40. Na5 Bd5 41. Ke2 Nd4+ 42. Ke3 Nb3 43. Nxb3 Bxb3 44. g5 a5 45. Kd3 a4 46. Kc3 f6 47. h4 Kf7 48. Kb4 Ke6 0-1

[Event "27th Heraklion Open 2019"]
[Site "Heraklion"]
[Date "2019.09.08"]
[Round "7.15"]
[White "Ergazaki, Eirini"]
[Black "Koutsaftis, Efstratios Panagioti"]
[Result "0-1"]
[WhiteElo "1336"]
[BlackElo "1611"]
[Annotator "NA"]
[PlyCount "94"]
[EventDate "2019.09.03"]
[EventType "swiss"]
[EventCountry "GRE"]
[SourceTitle "playchess.com"]
[Source "ChessBase"]
[SourceQuality "1"]
[TimeControl "40/5400+30:1800+30"]

1. e4 c6 2. d4 d5 3. Nc3 dxe4 4. Nxe4 Nd7 5. c3 Ngf6 6. Ng3 e6 7. Nf3 Be7 8. Bd3 b6 9. O-O Bb7 10. Bd2 O-O 11. Re1 c5 12. Ne4 cxd4 13. Nxd4 Nc5 14. Nxf6+ Bxf6 15. Bc2 Bxd4 16. cxd4 Qxd4 17. Bc3 Qxd1 18. Raxd1 Bd5 19. a3 Rfd8 20. Rd4 Bb3 21. Bxb3 Nxb3 22. Rg4 g6 23. Kf1 Nc5 24. Ke2 f5 25. Rd4 Rxd4 26. Bxd4 Rd8 27. Bxc5 bxc5 28. Rc1 Rd5 29. Rc4 Kg7 30. Ra4 Rd7 31. Ra5 Rb7 32. b4 cxb4 33. axb4 Kf6 34. b5 g5 35. Kd3 Rd7+ 36. Kc4 h5 37. Kb4 f4 38. Ra2 e5 39. Rc2 e4 40. Re2 Ke5 41. Kc5 Rc7+ 42. Kb4 g4 43. b6 axb6 44. Kb5 f3 45. Re3 Rc2 46. gxf3 gxf3 47. Kxb6 Rxf2 0-1

[Event "27th Heraklion Open 2019"]
[Site "Heraklion"]
[Date "2019.09.08"]
[Round "7.16"]
[White "Koumis, Filippos"]
[Black "Alexandrakis, Georgios"]
[Result "1-0"]
[WhiteElo "1601"]
[BlackElo "1254"]
[Annotator "NA"]
[PlyCount "51"]
[EventDate "2019.09.03"]
[EventType "swiss"]
[EventCountry "GRE"]
[SourceTitle "playchess.com"]
[Source "ChessBase"]
[SourceQuality "1"]
[TimeControl "40/5400+30:1800+30"]

1. e4 c5 2. Nc3 d6 3. Bb5+ Bd7 4. f4 a6 5. Bxd7+ Nxd7 6. Nf3 Ngf6 7. O-O e6 8. d3 Be7 9. Qe1 Qc7 10. b3 b5 11. e5 b4 12. Na4 Nd5 13. Qe4 g6 14. Bb2 Rg8 15. c4 N5b6 16. Nxb6 Nxb6 17. exd6 Bxd6 18. Ne5 O-O-O 19. a3 Bxe5 20. Bxe5 Qb7 21. Qe3 Nd7 22. Bb2 g5 23. f5 e5 24. axb4 cxb4 25. Ra4 Nb6 26. Rxb4 1-0

[Event "27th Heraklion Open 2019"]
[Site "Heraklion"]
[Date "2019.09.08"]
[Round "7.17"]
[White "Georgakakis, Michail"]
[Black "Vitsaxaki, Iris"]
[Result "0-1"]
[WhiteElo "1303"]
[BlackElo "1494"]
[Annotator "NA"]
[PlyCount "82"]
[EventDate "2019.09.03"]
[EventType "swiss"]
[EventCountry "GRE"]
[SourceTitle "playchess.com"]
[Source "ChessBase"]
[SourceQuality "1"]
[TimeControl "40/5400+30:1800+30"]

1. d4 f5 2. Nf3 Nf6 3. c4 g6 4. e3 Bg7 5. Bd3 d6 6. O-O O-O 7. Nc3 c6 8. Re1 Qc7 9. e4 fxe4 10. Nxe4 Nxe4 11. Bxe4 Bf5 12. Bxf5 Rxf5 13. Be3 e5 14. dxe5 dxe5 15. Qc2 Nd7 16. Rad1 Re8 17. Ng5 Rff8 18. Ne4 Re6 19. c5 Nf6 20. Nxf6+ Rexf6 21. b4 Kh8 22. Re2 Re6 23. f3 Rd8 24. Red2 Ree8 25. Rxd8 Rxd8 26. Rxd8+ Qxd8 27. Qd2 Qxd2 28. Bxd2 Kg8 29. Kf2 Kf7 30. Ke3 Bh6+ 31. Kd3 Bxd2 32. Kxd2 Ke6 33. Kd3 Kd5 34. h4 h6 35. a4 a5 36. bxa5 Kxc5 37. Kc3 Kd5 38. Kd3 c5 39. Kc3 c4 40. g3 g5 41. hxg5 hxg5 0-1

[Event "27th Heraklion Open 2019"]
[Site "Heraklion"]
[Date "2019.09.08"]
[Round "7.18"]
[White "Kalaitzakis, Emmanouil"]
[Black "Mavridis, Athanasios"]
[Result "0-1"]
[WhiteElo "1079"]
[BlackElo "1493"]
[Annotator "NA"]
[PlyCount "62"]
[EventDate "2019.09.03"]
[EventType "swiss"]
[EventCountry "GRE"]
[SourceTitle "playchess.com"]
[Source "ChessBase"]
[SourceQuality "1"]
[TimeControl "40/5400+30:1800+30"]

1. e4 c6 2. d4 d5 3. Nc3 dxe4 4. Nxe4 Nd7 5. Nf3 Ngf6 6. Nxf6+ Nxf6 7. Ne5 Bf5 8. c3 e6 9. g4 Be4 10. f3 Bg6 11. h4 h5 12. Nxg6 fxg6 13. g5 Nd5 14. Bd3 Kf7 15. Qc2 Ne7 16. Bf4 Qd7 17. Rf1 Nf5 18. Rh1 Bd6 19. Bxd6 Qxd6 20. Qf2 Qf4 21. Bc4 Rhe8 22. b4 Kf8 23. Bb3 e5 24. d5 Rad8 25. dxc6 e4 26. fxe4 Qxe4+ 27. Kf1 Qxh1+ 28. Qg1 Ng3+ 29. Kf2 Re2+ 30. Kxg3 Rd3+ 31. Kf4 Re4# 0-1

[Event "27th Heraklion Open 2019"]
[Site "Heraklion"]
[Date "2019.09.09"]
[Round "8.1"]
[White "Brokalakis - Gounaris, Christos"]
[Black "Moiseenko, Vadim"]
[Result "1/2-1/2"]
[WhiteElo "1977"]
[BlackElo "2543"]
[Annotator "TA"]
[PlyCount "66"]
[EventDate "2019.09.03"]
[EventType "swiss"]
[EventCountry "GRE"]
[SourceTitle "playchess.com"]
[Source "ChessBase"]
[SourceQuality "1"]

{[%evp 9,66,6,44,33,56,-23,92,90,106,0,0,0,0,0,0,-5,0,0,0,-10,0,-16,-8,-16,-13,-17,-16,-16,-4,-54,0,0,0,0,44,46,48,35,39,33,58,56,45,25,29,65,62,25,23,13,23,12,48,48,48,48,56,0,47]} 1. Nf3 Nf6 2. d4 c5 3. e3 g6 4. dxc5 (4. d5 Bg7 5. Nc3 O-O 6. Be2 d6 7. O-O e6 8. dxe6 Bxe6 9. e4 Nc6 10. Bf4 d5 11. exd5 Nxd5 12. Nxd5 Qxd5 13. Qxd5 Bxd5 {1-0 (52) Karjakin,S (2783)-Nepomniachtchi,I (2751) chess.com INT 2017}) 4... Bg7 5. Nbd2 O-O 6. c3 {A48: 1 d4 Nf6 2 Nf3 g6: Torre, London and Colle Systems} a5 7. Nc4 (7. e4 $14) 7... Qc7 $146 (7... Na6 $1 $11) ({Predecessor:} 7... Na6 8. Nb6 Ra7 9. Na4 Qc7 10. Nd4 Qe5 11. f4 Qe4 12. Rg1 d6 {½-½ (37) Troeger,P (2290)-Oechslein,R Germany 1982}) 8. Nb6 $16 {White is better.} Ra7 {[#]} 9. Be2 ({Better is} 9. Na4 $1 $16) 9... Na6 $11 10. O-O Nxc5 11. Nxc8 Rxc8 12. Nd4 {With the idea Nb5.} Raa8 13. c4 Qb6 14. b3 d5 15. Bb2 Na4 16. bxa4 {[#] Strongly threatening Qb3.} Qxb2 17. Qb3 Qxb3 18. axb3 Ne4 {White must now prevent ...Nd2.} 19. Rfc1 Nd2 (19... e5 $15 20. Nb5 d4) 20. Ra2 $36 {[%mdl 2048] White has some pressure.} Ne4 21. Rac2 dxc4 22. Bf3 Nd6 {aiming for ...Bxd4.} 23. bxc4 {[%cal Bb3c4,Bc4c5][%mdl 32]} Bxd4 24. exd4 {Hoping for c5.} Rc7 25. c5 Nf5 26. Rc4 e6 27. Rb1 Ra7 28. d5 exd5 29. Bxd5 Ne7 30. Bf3 h5 31. g3 Kg7 32. Rb6 Nc8 33. Rb1 (33. Rc2 $14) 33... Nd6 {Accuracy: White = 47%, Black = 49%.} 1/2-1/2

[Event "27th Heraklion Open 2019"]
[Site "Heraklion"]
[Date "2019.09.09"]
[Round "8.2"]
[White "Levin, Evgeny A."]
[Black "Gretarsson, Helgi Ass"]
[Result "1-0"]
[WhiteElo "2511"]
[BlackElo "2410"]
[Annotator "TA"]
[PlyCount "65"]
[EventDate "2019.09.03"]
[EventType "swiss"]
[EventCountry "GRE"]
[SourceTitle "playchess.com"]
[Source "ChessBase"]
[SourceQuality "1"]

{[%evp 15,65,18,30,25,20,23,16,20,11,11,15,18,26,18,10,11,40,23,64,85,66,77,73,105,141,131,163,163,163,163,168,168,168,168,165,164,150,150,153,155,160,152,215,208,235,237,246,253,350,353,335,336]} 1. d4 d5 2. c4 c6 3. Nf3 Nf6 4. e3 Bf5 5. Nc3 e6 6. Nh4 Be4 7. f3 Bg6 8. Qb3 Qc7 9. Bd2 {D12: Slav Defence: 3 Nf3 Nf6 4 e3 Bf5} Be7 10. cxd5 (10. O-O-O dxc4 11. Bxc4 a6 12. Be2 Nbd7 13. Nxg6 hxg6 14. Kb1 c5 15. d5 exd5 16. Nxd5 Nxd5 17. Qxd5 {0-1 (31) Karjakin,S (2773)-Caruana,F (2822) Saint Louis 2018}) 10... cxd5 11. Nxg6 {The position is equal.} hxg6 12. O-O-O Nc6 13. Kb1 O-O 14. Rc1 Rfc8 15. Qd1 e5 16. g4 {[#]} Qd7 $146 ({Predecessor:} 16... exd4 17. exd4 {1-0 (38) Landa,K (2640)-Dubov,D (2641) Germany 2013}) 17. h4 exd4 18. exd4 Nxd4 19. h5 $1 gxh5 {[#]} 20. Bd3 $1 hxg4 21. fxg4 Qxg4 {[#]} 22. Bh7+ $1 {[%mdl 512]} Kf8 (22... Nxh7 23. Qxg4) 23. Qxg4 Nxg4 {[#]} 24. Bf5 $1 {[%cal Rh1h8][%mdl 576] Double Attack} Nh6 (24... Nxf5 25. Rh8#) 25. Bxc8 Rxc8 26. Bxh6 gxh6 27. Rxh6 {Black must now prevent Rh8+.} ({Don't do} 27. Nxd5 $6 Rxc1+ 28. Rxc1 Bd6 $14) 27... Rc6 28. Rh5 Nf3 (28... Ne6 $16 29. Rxd5 (29. Nxd5 Rxc1+ 30. Kxc1 Bd6 $16) 29... Rd6) 29. Rxd5 $18 Bg5 30. Rcd1 Re6 31. Rf5 Rf6 32. Rxf6 Bxf6 33. Rd7 {Accuracy: White = 95%, Black = 56%.} 1-0

[Event "27th Heraklion Open 2019"]
[Site "Heraklion"]
[Date "2019.09.09"]
[Round "8.3"]
[White "Peng, Li Min"]
[Black "Bogdanov, Egor"]
[Result "0-1"]
[WhiteElo "2465"]
[BlackElo "2422"]
[Annotator "TA"]
[PlyCount "192"]
[EventDate "2019.09.03"]
[EventType "swiss"]
[EventCountry "GRE"]
[SourceTitle "playchess.com"]
[Source "ChessBase"]
[SourceQuality "1"]

{[%evp 17,191,34,39,35,47,62,62,72,53,64,60,62,68,67,62,62,59,63,82,75,83,68,72,71,99,94,142,146,119,108,208,167,129,41,89,-23,-18,-30,-25,-32,-22,-29,-32,-10,-29,-60,-60,-60,-60,-107,-128,-128,-100,-100,-85,-85,-84,-147,-154,-139,-115,-115,-125,-147,-46,-53,-24,-24,0,0,-4,-6,0,0,0,0,1,0,8,10,10,-4,0,0,0,0,0,0,0,0,0,0,0,0,8,-91,-91,-91,-91,-91,-91,-113,-24,-20,-20,-61,-61,-61,-61,-61,-61,-61,-60,-61,-61,-61,-60,-60,-60,-60,-60,-61,-61,-61,-61,-62,-62,-62,-61,-62,-62,-62,-62,-62,-62,-62,0,-62,-62,-62,-62,-62,-61,-61,-61,-62,-61,-61,-61,-61,-61,-61,-61,-62,-62,-79,-77,-29986,-29987,-29987,-29980,-29988,-29989,-29991,-29992,-29992,-29993,-29993,-29994,-29996,-29997,-29997,-29998,-29998,-29999,-29999]} 1. d4 Nf6 2. c4 g6 3. Nf3 ({Predecessor:} 3. Nc3 Bg7 4. g3 O-O 5. Bg2 d6 6. Nf3 Nc6 {0-1 (75) Nuri,M (2206)-Kurayan,R (2398) Kocaeli 2013}) 3... Bg7 4. g3 O-O 5. Bg2 d6 6. O-O Nc6 7. Nc3 Bf5 8. d5 Na5 9. Nd2 c6 10. b4 {[%cal Bb2b4,Bb4a5,Ba5a6][%mdl 32] Strongly threatening Bb2. E62: King's Indian: Fianchetto: 6...c6 and Panno Variation (6...Nc6) without ...a6} Nxd5 $146 (10... Nxc4 11. Nxc4 Nxd5 12. Nxd5 Bxa1 13. Bh6 Bg7 14. Bxg7 Kxg7 15. Nde3 Be6 16. Qd2 d5 17. Na5 Bc8 {1-0 (57) Donchenko,A (2604)-Fressinet,L (2655) chess.com INT 2019}) 11. cxd5 {Threatens to win with Bb2.} Bxc3 12. e4 {White is slightly better.} Bxe4 13. Nxe4 Bxa1 14. bxa5 Bg7 15. a6 {[%mdl 1024] White has compensation.} c5 16. axb7 Rb8 17. Nd2 ({Reject} 17. Qb3 Qd7 $11) 17... Qa5 18. Qe2 $36 {[%mdl 2048] White is really pushing.} Rxb7 19. Nc4 Qa4 20. Be4 Rfb8 21. Bd3 Bd4 22. Kg2 h5 23. h4 Rb4 (23... Kg7 $16 {keeps fighting.}) 24. Bg5 Bf6 25. Bd2 (25. a3 $16 Rb2 26. Qe4 (26. Nxb2 Rxb2 27. Qf3 Bxg5 $16)) 25... Qxa2 $14 26. Bxb4 (26. g4 $1 $16) 26... Qxe2 $11 27. Bxe2 cxb4 28. Na5 b3 29. Nc6 Rb7 $1 30. Ba6 Rb6 31. Bc4 b2 32. Rb1 a6 $1 {[%cal Ba7a6,Ba6a5,Ba5a4,Ba4a3][%mdl 32]} 33. Kf1 e6 34. Ke2 exd5 35. Bxd5 {[#]} a5 $1 {[%mdl 512]} 36. Kd3 (36. Nxa5 Rb5) 36... a4 37. Kc4 ({Better is} 37. Nd4) 37... a3 $17 {And now ...a2 would win.} 38. Nb4 Kg7 39. Na2 Rb8 40. Be4 Rc8+ (40... Bd8 $17 41. Rf1 Bb6) 41. Kb3 $15 Bd4 (41... Re8 $5 {[%cal Re8e4]} 42. Bc6 Re2 $15) 42. Rf1 $1 Bc5 43. Nc3 Re8 44. Bd3 f5 45. Nb1 Rb8+ 46. Ka2 Kf6 47. f3 d5 48. g4 Rb4 (48... hxg4 49. fxg4 Rb4 50. gxf5 $14) 49. Bc2 hxg4 50. fxg4 Rxg4 {aiming for ...Rc4.} 51. h5 Rg2 (51... Rc4 $5 52. Bd3 $8 Rd4 $11) 52. Bd3 $1 Rg3 53. Bc2 d4 54. hxg6 d3 55. Bb3 Rg2 56. Nxa3 {[#]} (56. Bc4 $11) 56... b1=Q+ $1 {[%mdl 512]} 57. Kxb1 Bxa3 $17 {[%mdl 4096] Endgame KRB-KRB} 58. Bc4 Rb2+ 59. Ka1 Rd2 {[#]} ({Black should play} 59... d2 $17 {White must now prevent ...Rb4.} 60. Bd3 Kg7) 60. g7 $1 $11 {[%mdl 512]} Kxg7 61. Bxd3 Rxd3 62. Rxf5 {KRB-KR} Rd2 63. Rf3 Be7 64. Kb1 Bf6 65. Kc1 Rh2 66. Kd1 Kf7 67. Re3 Bg5 68. Re2 Rh3 69. Rg2 Kf6 70. Ke2 Kf5 71. Rf2+ Bf4 72. Rg2 Ra3 73. Kf2 Ke4 74. Ke2 Bg3 75. Kf1 Ra1+ 76. Ke2 Ra3 77. Kf1 $1 Kf3 {[%cal Ra3a1]} 78. Rf2+ $1 Ke3 79. Re2+ Kf4 80. Kg2 Bh4 81. Kf1 Kg4 82. Kg2 Bf6 83. Re4+ Kf5 84. Re2 Bd4 85. Kf1 Kf4 86. Kg2 Rg3+ 87. Kh2 $2 {[%mdl 8192] [#]} (87. Kh1 $17) 87... Kf3 $1 {Black mates.} 88. Re8 Bg1+ 89. Kh1 Be3 {[%cal Rg3h3]} 90. Rf8+ {[#]} Bf4 $1 91. Rf7 Rg8 92. Rf6 Ra8 {[%cal Ra8a1]} 93. Rg6 Rh8+ 94. Kg1 Be3+ 95. Kf1 Rh1+ 96. Rg1 Rxg1# {Accuracy: White = 70%, Black = 67%.} 0-1

[Event "27th Heraklion Open 2019"]
[Site "Heraklion"]
[Date "2019.09.09"]
[Round "8.4"]
[White "Hulshof, Peter"]
[Black "Putrenko, Kirill"]
[Result "0-1"]
[WhiteElo "2180"]
[BlackElo "1974"]
[Annotator "TA"]
[PlyCount "118"]
[EventDate "2019.09.03"]
[EventType "swiss"]
[EventCountry "GRE"]
[SourceTitle "playchess.com"]
[Source "ChessBase"]
[SourceQuality "1"]

{[%evp 18,118,-4,-15,-15,-9,-5,-9,2,-3,37,26,15,0,0,0,0,5,88,71,73,77,74,72,59,85,72,19,22,21,31,-105,0,-94,64,56,35,-104,-28,-29,-32,-68,-63,-65,-66,-75,-68,-98,-12,-104,-72,-219,-218,-290,-279,-289,-288,-368,-314,-412,-410,-424,-375,-437,-439,-443,-384,-395,-391,-416,-405,-431,-350,-737,-718,-687,-581,-643,-625,-1042,-985,-1842,-1772,-2164,-1994,-1529,-1491,-1567,-1503,-1462,-1455,-29978,-29979,-29979,-29980,-29980,-29981,-29981,-29982,-29982,-29983,-29981,-29980]} 1. e4 c5 2. Nc3 Nc6 3. g3 g6 4. Bg2 Bg7 5. d3 d6 6. f4 e6 7. Nf3 Nge7 8. O-O O-O 9. Be3 b6 10. Bf2 e5 {B25: Closed Sicilian: 3 g3, lines without early Be3} (10... Ba6 11. Re1 Qd7 12. d4 cxd4 13. Nxd4 Rac8 14. a4 Rfd8 15. Ndb5 Bb7 16. Qd2 d5 17. e5 Ba8 18. Ne2 Na5 {0-1 (51) Cubas,J (2586)-Fier,A (2595) Florianopolis 2019}) 11. Qd2 Nd4 12. Be3 Bg4 $146 {The position is equal.} ({Predecessor:} 12... Nxf3+ 13. Rxf3 Bg4 14. Rf2 exf4 15. gxf4 Qd7 16. Raf1 Rae8 17. Kh1 f5 18. h3 {½-½ (46) Klinova,M (2269)-Goormachtigh,J (2164) Roux 2019}) 13. Nh4 Qd7 {[#]} 14. f5 $1 {[%mdl 512]} gxf5 15. Bh6 {[#] Black must now prevent Bxg7.} f4 $1 {[%mdl 512]} 16. Bxg7 (16. gxf4 Bxh6) 16... Kxg7 17. gxf4 Ng6 (17... f6 $11 {remains equal.}) 18. f5 {Threatens to win with Qg5.} Qd8 19. f6+ ({Of course not} 19. fxg6 $6 Qxh4 20. gxh7 Rh8 $11) 19... Kh8 {[#]} 20. Nxg6+ $1 fxg6 21. Nd5 Rf7 {[#]} 22. c3 (22. Rf2 $1 $16) 22... Ne6 $1 $11 23. Rf2 g5 24. Qe3 (24. h3 $14 {stays ahead.} Bh5 25. h4) 24... Qd7 (24... Nf4 $1 $17 {Hoping for ...Be6.} 25. d4 Be6 26. dxe5 dxe5) 25. Kh1 (25. h3 $11 {keeps the balance.} Bh5 26. h4) 25... Raf8 $2 (25... Nf4 $1 $17 26. d4 Be6 27. dxe5 dxe5) 26. h3 $14 Bh5 27. Rf5 (27. h4 $1 $14 {keeps the upper hand.} g4 28. Kg1) 27... Rg8 ({Black should try} 27... h6 $17 28. h4 Nf4) 28. Raf1 $11 Bg6 29. Ne7 Bxf5 30. Nxg8 Kxg8 31. Rxf5 Qd8 32. Qf3 Qf8 (32... h6 $17 33. h4 gxh4) 33. Kg1 (33. Bf1 $1 $11) 33... Kh8 34. h4 (34. Kh2 $17 {might work better.}) 34... gxh4 $19 35. Bh3 Nf4 36. d4 Rxf6 37. dxe5 Rxf5 38. exf5 dxe5 39. Kh2 Qg8 40. Bf1 {[#]} Qg3+ $1 41. Qxg3 hxg3+ 42. Kxg3 {[%mdl 4096] Endgame KB-KN} Kg7 43. Bb5 Kf6 44. Bd7 Kg5 45. a4 $2 (45. Bc6) 45... a5 46. Kf3 h5 47. f6 Kxf6 48. Ke4 h4 49. Bg4 h3 50. Ke3 Kg5 51. Bf3 Kh4 52. Bh1 Kg3 53. Ke4 h2 54. Kxe5 Nd3+ {[%mdl 64] Double Attack. Black mates.} 55. Kd6 Nxb2 56. Kd5 Nxa4 57. Kc4 Kf2 58. Kb3 {[#]} Nxc3 $1 {[%mdl 64] Promotion} 59. Kxc3 Kg1 {Accuracy: White = 29%, Black = 63%.} 0-1

[Event "27th Heraklion Open 2019"]
[Site "Heraklion"]
[Date "2019.09.09"]
[Round "8.5"]
[White "Namini, Armin"]
[Black "Mirzoev, Emil"]
[Result "1/2-1/2"]
[WhiteElo "2251"]
[BlackElo "2477"]
[Annotator "TA"]
[PlyCount "36"]
[EventDate "2019.09.03"]
[EventType "swiss"]
[EventCountry "GRE"]
[SourceTitle "playchess.com"]
[Source "ChessBase"]
[SourceQuality "1"]

{[%evp 9,36,-8,43,10,30,0,12,12,9,-18,-7,-25,15,0,0,0,0,0,0,0,0,-14,0,0,0,0,0,-10,0]} 1. c4 c6 2. g3 d5 3. Nf3 Bg4 4. Ne5 (4. Qb3 Qb6 5. Ne5 Be6 6. d3 g6 7. Be3 Qxb3 8. axb3 Bg7 9. Nf3 Bxb2 10. Rxa7 Rxa7 11. Bxa7 Nd7 {1-0 (34) Duda,J (2717)-Eljanov,P (2711) Riadh 2017}) 4... Bf5 5. cxd5 cxd5 ({Better is} 5... Qxd5 $11 6. d4 Nd7) 6. Bg2 {A11: English Opening: 1...c6} (6. e4 {is more complex.} Qc7 7. Bb5+ Nc6 8. Qa4 dxe4 9. d4) 6... Nd7 (6... f6 {keeps more tension.} 7. Qa4+ Nd7 8. Nxd7 Bxd7 9. Qb3 e6) 7. Nxd7 Qxd7 8. O-O Nf6 $146 ({Predecessor:} 8... Bxb1 9. Rxb1 e6 10. d3 Nf6 11. Bg5 Be7 {½-½ (28) Pantsulaia,L (2609)-Postny,E (2578) playchess.com INT 2006}) 9. d4 e6 10. Bf4 Bd6 11. Bxd6 {The position is equal.} Qxd6 12. Qa4+ Qd7 13. Qxd7+ Kxd7 14. Nc3 Rhc8 15. Rfc1 Ne4 16. Nxe4 Bxe4 17. Bxe4 dxe4 18. Kf1 f5 1/2-1/2

[Event "27th Heraklion Open 2019"]
[Site "Heraklion"]
[Date "2019.09.09"]
[Round "8.6"]
[White "Kotsinis, Alexandros"]
[Black "Ivanov, Mike"]
[Result "0-1"]
[WhiteElo "1951"]
[BlackElo "2177"]
[Annotator "TA"]
[PlyCount "73"]
[EventDate "2019.09.03"]
[EventType "swiss"]
[EventCountry "GRE"]
[SourceTitle "playchess.com"]
[Source "ChessBase"]
[SourceQuality "1"]

{[%evp 9,73,34,29,29,28,35,34,25,32,25,23,25,28,22,29,19,24,11,21,0,0,-58,-49,-58,-67,-86,-69,-100,-88,-81,-28,-23,-12,-14,-7,-20,-6,-49,-49,-50,-73,-122,-102,-471,-454,-608,-604,-732,-569,-1027,-1026,-973,-1034,-1013,-985,-1029,-1024,-1029,-999,-1192,-1165,-1130,-1089,-1025,-985,-708]} 1. c4 e5 2. Nc3 f5 3. e3 Nf6 4. d4 d6 5. dxe5 dxe5 6. Qxd8+ {A21: English Opening: 1...e5 2 Nc3} Kxd8 7. b3 Be6 (7... c6 8. Bb2 Bd6 9. O-O-O Ke7 10. Nf3 Be6 11. Be2 Nbd7 12. Rd2 {½-½ (73) Carlstedt,J (2468)-Vovk,A (2651) Stroebeck 2015}) 8. Bb2 {White is slightly better.} Nbd7 9. Nf3 c6 10. Be2 Kc7 $146 ({Predecessor:} 10... Bd6 11. O-O Ke7 12. Rfd1 Rhd8 13. h3 h6 14. Na4 {½-½ (14) Illescas Cordoba,M (2535)-Magem Badals,J (2470) Barcelona 1990}) 11. O-O Re8 12. a3 Bf7 13. Rfd1 Rg8 14. Ng5 Bg6 15. b4 (15. Nf3 $11) 15... e4 $1 $15 16. b5 h6 17. Nh3 {[#]} Bf7 $1 18. bxc6 bxc6 19. Na4 Bd6 ({Better is} 19... g5 $17) 20. Bc3 $1 $11 {[%cal Rc3a5] aiming for Ba5+.} Be5 {next ...Bxc3 is good for Black.} 21. Ba5+ $1 Kb7 22. Rab1+ Ka8 23. f4 exf3 $1 24. Bxf3 {[%cal Rf3c6]} Rc8 25. Rb4 g5 {Strongly threatening ...g4.} 26. g3 $2 {[%mdl 8192]} (26. Be2 $17 {is a better chance.}) 26... g4 $19 {[%mdl 64] [#] Double Attack. Black is clearly winning.} 27. Bh1 gxh3 28. Rdb1 Ne4 29. Nb6+ Nxb6 30. Bxb6 axb6 31. Rxb6 Rc7 32. Rf1 Be6 33. Ra6+ Kb7 34. Ra5 Bc3 35. Ra4 Nc5 36. Rb1+ Kc8 37. Ra8+ {Accuracy: White = 46%, Black = 86%.} 0-1

[Event "27th Heraklion Open 2019"]
[Site "Heraklion"]
[Date "2019.09.09"]
[Round "8.7"]
[White "Atakay, Mustafa"]
[Black "Lirindzakis, Timotheos"]
[Result "0-1"]
[WhiteElo "1866"]
[BlackElo "2157"]
[Annotator "TA"]
[PlyCount "66"]
[EventDate "2019.09.03"]
[EventType "swiss"]
[EventCountry "GRE"]
[SourceTitle "playchess.com"]
[Source "ChessBase"]
[SourceQuality "1"]

{[%evp 13,66,-16,0,0,-5,-10,0,0,-6,-35,-36,-102,-42,-39,-41,-152,-166,-180,-187,-192,-193,-200,-207,-218,-185,-215,-227,-241,-212,-195,-158,-161,-160,-227,-202,-434,-422,-416,-296,-298,-298,-390,-381,-574,-572,-565,-536,-662,-657,-1015,-1002,-925,-905,-1202,-1173]} 1. d4 Nf6 2. c4 e6 3. g3 d5 4. Bg2 Be7 5. Nf3 O-O 6. Qc2 c5 7. O-O cxd4 8. Nxd4 {E06: Closed Catalan: Early deviations} e5 (8... Na6 9. cxd5 Nb4 10. Qb3 e5 11. Nb5 Nbxd5 12. N1c3 Be6 13. Nxd5 Bxd5 14. Bxd5 Qxd5 15. Bg5 Qxb3 16. axb3 {½-½ (46) Carlsen,M (2834)-Wei,Y (2743) Wijk aan Zee 2018}) 9. Nf5 d4 10. Nxe7+ {The position is equal.} Qxe7 11. e3 $146 ({Predecessor:} 11. b4 Be6 12. b5 Rc8 13. Ba3 Qd7 14. Nd2 a6 15. Qb2 axb5 {½-½ (25) Grandelius,N (2652)-Schroeder,J (2555) Berlin 2018}) 11... Nc6 12. Rd1 (12. b3 $15) 12... Bg4 (12... Rd8 $17 13. e4 Be6) 13. f3 $15 Be6 $36 {[%mdl 2048] Black is pushing.} 14. a3 ({Better is} 14. Na3 $15) 14... Rfd8 15. e4 Nd7 16. Bf1 a5 17. b3 Nc5 18. Bd3 f6 19. Bd2 Qf7 {White must now prevent ...a4.} 20. a4 b6 21. Na3 Qe7 22. Nb5 Rf8 23. Kg2 (23. Re1 $17 {was called for.}) 23... Qd7 $19 24. g4 $2 {[#]} (24. Re1 {might work better.}) 24... Bxg4 $1 {[%mdl 512]} 25. Rg1 (25. fxg4 Qxg4+) 25... Be6 26. Kh1 Kh8 27. Rab1 f5 28. Be1 (28. Rg5 $142 fxe4 29. Bxe4) 28... fxe4 {Black is clearly winning.} 29. Bxe4 Nxe4 30. fxe4 Bg4 31. Rg3 Rf1+ 32. Kg2 Raf8 33. h3 Bf3+ {Accuracy: White = 21%, Black = 79%.} 0-1

[Event "27th Heraklion Open 2019"]
[Site "Heraklion"]
[Date "2019.09.09"]
[Round "8.8"]
[White "Koutsaftis, Efstratios Panagioti"]
[Black "Fasching, Markus"]
[Result "0-1"]
[WhiteElo "1611"]
[BlackElo "2029"]
[Annotator "NA RC"]
[PlyCount "68"]
[EventDate "2019.09.03"]
[EventType "swiss"]
[EventCountry "GRE"]
[SourceTitle "playchess.com"]
[Source "ChessBase"]
[SourceQuality "1"]
[TimeControl "40/5400+30:1800+30"]

1. d4 d5 2. c4 e6 3. Nf3 Nf6 4. g3 Be7 5. Bg2 O-O 6. O-O dxc4 7. Qc2 b5 8. Ne5 Nd5 9. a4 c6 10. axb5 cxb5 11. Nc3 f6 12. Ng4 Qd7 13. Be4 Nxc3 14. Bxa8 Nd5 15. Bxd5 exd5 16. f3 Nc6 17. e3 a5 18. Bd2 Qc7 19. Nf2 Bd6 20. Kg2 g6 21. Rfd1 Re8 22. g4 f5 23. g5 f4 24. e4 Nxd4 25. Qc3 Nb3 26. exd5 b4 27. Qc2 Bf5 28. Ne4 Bxe4 29. fxe4 f3+ 30. Kf1 Nxa1 31. Rxa1 Bxh2 32. Qa4 Qc8 33. Kf2 Rxe4 34. Re1 Bg3+ 0-1